| 000 | 00450nam a2200181Ia 4500 | ||
|---|---|---|---|
| 001 | 20769 | ||
| 005 | 20260306172830.0 | ||
| 008 | 260306t2022||||xx |||||||||||||| ||spa|| | ||
| 041 | _aESP | ||
| 082 |
_a343.8 _bA66 |
||
| 100 |
_aArana Yances, Daniel Martín _eAUT |
||
| 245 | 0 | _aObligaciones formales y sustanciales - SUNAT | |
| 260 | _c2022 | ||
| 300 |
_a127 páginas : _c24 cm. |
||
| 650 | _aGEN | ||
| 654 | _aCCO | ||
| 942 |
_cLIB _dJUS _fJUS _2ddc _n |
||
| 999 |
_c20769 _d20769 |
||